| 000 | 00391nam a2200145Ia 4500 | ||
|---|---|---|---|
| 008 | 230917s9999||||xx |||||||||||||| ||und|| | ||
| 040 |
_e72717 _aMAIN |
||
| 041 | _aEnglish | ||
| 082 | _a658 C455B | ||
| 100 | _aChopra, B S K S | ||
| 245 | 0 | _aBusiness environment in India 1990-91: a contemporary outline | |
| 260 |
_aPune _bTime Research Foundation _c1990 |
||
| 300 | _a131 p. | ||
| 942 | _cBK | ||
| 999 |
_c67445 _d67445 |
||